ბათუმის შოთა რუსთაველის სახელმწიფო უნივერსიტეტის ბიბლიოთეკა

Приборы для неразрушающего контроля материалов и изделий. Кн.1. (ბიბ.ჩანაწერი № 37273)

000 -LEADER
fixed length control field 00785nam a2200217Ia 4500
001 - CONTROL NUMBER
control field 3232
003 - CONTROL NUMBER IDENTIFIER
control field GE_BSU
008 - FIXED-LENGTH DATA ELEMENTS--GENERAL INFORMATION
fixed length control field 181216s||||||||xx |||||||||||||| ||und||
040 ## - CATALOGING SOURCE
Transcribing agency GE_BSU
080 ## - UNIVERSAL DECIMAL CLASSIFICATION NUMBER
Universal Decimal Classification number 620.179(035.3)
100 ## - MAIN ENTRY--PERSONAL NAME
Personal name Боровиков,А.С. Горбунов,В.И. Гурвич,А.К. и др.
245 ## - TITLE STATEMENT
Title Приборы для неразрушающего контроля материалов и изделий. Кн.1.
245 ## - TITLE STATEMENT
Remainder of title Справочник.
245 ## - TITLE STATEMENT
Statement of responsibility, etc. Под ред. В.В.Клюева.
260 ## - PUBLICATION, DISTRIBUTION, ETC.
Place of publication, distribution, etc. М.
260 ## - PUBLICATION, DISTRIBUTION, ETC.
Name of publisher, distributor, etc. Машиностроение.
260 ## - PUBLICATION, DISTRIBUTION, ETC.
Date of publication, distribution, etc. 1976.
300 ## - PHYSICAL DESCRIPTION
Extent 391 стр. с илл.
653 ## - INDEX TERM--UNCONTROLLED
Uncontrolled term Приборы для неразрушающего контроля материалов и изделий.
942 ## - ADDED ENTRY ELEMENTS (KOHA)
Koha item type წიგნი
ეგზემპლარები
Withdrawn status Lost status Damaged status Not for loan Date acquired Barcode Date last seen Price effective from Koha item type Public note
        2018-12-17 9822 2018-12-17 2018-12-17 წიგნი დარბაზი